| 000 | 013210000a22002170004500 | ||
|---|---|---|---|
| 020 | _a84-206-8664-6 | ||
| 041 | 0 | _aSPA | |
| 082 | 0 | 4 | _aG 150.72 M5289c |
| 100 | 1 | _aMeltzoff, Julian | |
| 245 | 1 | 0 | _aCrítica a la investigación : Psicología y campos afines / Julian Meltzoff; María José Navas Ara, Traductora |
| 260 | _aMadrid, España : Alianza | ||
| 300 | _a347 Pag | ||
| 500 | _aTítulo original : Critical Thinking About Research Psychology and Related Fields por la American Psychological Association (APA) de Estados Unidos | ||
| 505 | 0 | 0 | _aprincipios -- las variables extrañas y su control -- diseños de investigación y amenazas a la validez interna -- análisis de datos , discusión y conclusiones -- ética de la investigación -- utilización del lenguaje coloquial en la orientación psicológica para estimular la apertura en jóvenes marginales -- el efecto del divorcio en la agresividad de los hijos -- la dislexia en niñas de quinto curso -- estimación del tiempo -- capacidad de mando en las niñas primogénitas -- efecto del estrés laboral y del control del estrés en la lumbalgia |
| 650 | 1 | 4 | _aPSICOLOGIA \ METODOS DE INVESTIGACION |
| 001 | 12075 | ||
| 942 | _cBK | ||
| 999 |
_c41104 _d41104 |
||
| 336 |
_atexto _btxt _2rdacontent |
||
| 337 |
_2rdamedia _asin mediación _bn |
||
| 338 |
_2rdacarrier _avolumen _bnc |
||